000 01612cam a2200169 4500500
005 20260329082457.0
041 _afre
042 _adc
100 1 0 _aLaganier, Richard
_eauthor
700 1 0 _aVeyret, Yvette
_eauthor
700 1 0 _aGache, Marie-Laure
_eauthor
700 1 0 _aNoaille, Jean-Marc
_eauthor
245 0 0 _aAtlas des risques et des crises
260 _bAutrement,
_c2023.
520 _aLes risques et les crises s’amplifient, notamment avec le réchauffement climatique. Incendies, inondations, tempêtes, séismes… face à ces aléas naturels, territoires et populations sont de plus en plus vulnérables. Comment faire face à ces phénomènes et se protéger ? Comment gérer les catastrophes et les anticiper ?• Une nécessaire définition des termes et un état des lieux ouvrent l’atlas : typologie, échelles et seuils de vulnérabilité, causes et conséquences sur l’homme et l’environnement.• Des mégafeux continentaux à l’exploitation des ressources en Arctique : à l’échelle mondiale, quelles sont les réponses face aux catastrophes ?• Quels sont les défis à relever en France face à l’érosion des côtes et à la multiplication des inondations, glissements de terrain, canicules et risques technologiques ?Avec plus de 100 cartes et documents originaux, l’atlas propose un éclairage sur l’un des enjeux majeurs du XXIᵉ siècle : affronter des menaces bien réelles et trouver des solutions pour y remédier.
856 4 1 _uhttps://shs.cairn.info/atlas-des-risques-et-des-crises--9782080283511?lang=fr&redirect-ssocas=7080
999 _c2028903
_d2028903